000 03376cam a22012254i 4500
003 PE-LiUPU
005 20250813185634.0
008 150706s2010 ck r 000 0 spa d
020 _a9789584529909
035 _a(Sirsi) i9789584529909
040 _aPE-LiUPU
_bspa
_cPE-LiUPU
_erda
049 _aPRUA
082 0 4 _a302.3
_bM73
_221
100 1 _aMnookin, Robert,
_eautor.
245 1 0 _aNegociando con el diablo :
_bcuándo negociar o cuándo pelear /
_cRobert Mnookin; traducción de Affán Buitrago.
264 1 _aBogotá :
_bNorma,
_c2010.
300 _a343 páginas ;
_c23 cm.
336 _atext
_2rdacontent
337 _aunmediated
_2rdamedia
338 _avolume
_2rdacarrier
505 0 _aEntender el desafío -- Evitar las trampas comunes -- Negociar y sus alternativas: costos, beneficios y más allá -- Reconocimiento, legitimidad y moralidad -- Diablos globales -- Rudolf Kasztner: negociar con los nazis -- Winston Churchill: mayo de 1940 -- ¿Debe negociar Churchill? -- Nelson Mandela: el apartheid en Sudáfrica -- Diablos empresariales -- Gigantescas guerras de software IBM frente a Fujitsu -- Desarmonía en la sinfónica -- Diablos familiares -- Un divorcio endiablado -- Guerra entre hermanos.
526 _aP202
526 _aP201
526 _aP163
526 _aP162
526 _aP161
526 _aP160
526 _aP148
526 _aP147
526 _aP146
526 _aP145
526 _aP144
526 _aP143
526 _aP142
526 _aP141
526 _aP140
526 _aP139
526 _aP138
526 _aP137
526 _aP136
526 _aP135
526 _aP134
526 _aP133
526 _aP129
526 _aP128
526 _aP127
526 _aP120
526 _aP119
526 _aP118
526 _aP116
526 _aP115
526 _aP114
526 _aP110
526 _aP109
526 _aP108
526 _aP104
526 _aP103
526 _aP102
526 _aP99
526 _aP98
526 _aP97
526 _aP96
526 _aP95
526 _aP93
526 _aP90
526 _aP89
526 _aP88
526 _aP83
526 _aP82
526 _aP62
526 _aP59
526 _aP58
526 _aP57
526 _aP51
526 _aP49
526 _aP48
526 _aP47
526 _aP29
526 _aP24
526 _aP20
526 _aP19
526 _aP17
526 _aP15
526 _aP14
526 _aP12
526 _aP10
526 _aP09
526 _aP08
526 _aP07
526 _aP06
526 _aP05
526 _aP04
526 _aP01
541 _g071-0171917;
650 0 4 _aNegociación.
650 0 4 _aSolución de conflictos.
650 0 4 _aNegociación en los negocios.
700 1 _aBluitrago, Affán,
_etr.
910 _agl
_clch
_d20131122
942 _2ddc
_cBOOK
949 _a302.3 M73
_wDEWEY
_c1
_i68912
_lCCODEBUL1
_mBUL
_p23.00
_r0
_sY
_tBOOK
_u2015-7-6
_xFCE
_PP04
_o.STAFF. Colección General
994 _aC0
_bPEPRU
596 _a1
999 _a302.3 M73
_wDEWEY
_c56095
_i68912
_d56095
_e2017-9-5
_f2021-11-5
_g6
_lCCODEBUL1
_mBUL
_n3
_p23.00
_r0
_sY
_tBOOK
_u2015-7-6
_xFCE
_PP04
_0COMPRA
_o.STAFF. Colección General
980 _81
_gALBERTO SANCHEZ Responsable de Automatización